000
00255nam a22001097a 4500
008
170105b xxu||||| |||| 00| 0 eng d
020
_a
2900131089906
041
_a
eng
080
_2
7TH
_a
618.2
245
_a
FIRST RESPONDER
_c
KRAUSE, B.B &
942
_2
udc
_c
BK
999
_c
2572
_d
2572